Korene domova

Bibliographic Details
Main Author: Nováková, Monika (Author)
Format: Article
Language:Slovak
Subjects:

MARC

LEADER 00000nab a2200000 a 4500
001 vtls000188306
003 SK-MaSNL
005 20260304034225.0
008 160215c1984 xo 0 slo
015 |a SNBRB19rr/mm-uuuuu 
035 |a CL0198419 
040 |a SNKBUCL  |b slo  |c SNKBUCL  |e AACR2 
041 0 |a slo 
044 |a xo  |c SK 
080 |a 75.071.1:061.4  |2 1981 
080 |a 069.5  |2 1981 
080 |a 929 Kresila, Juraj  |2 1981 
100 1 |a Nováková, Monika  |4 aut  |9 6916 
245 1 0 |a Korene domova  |c Monika Nováková 
600 1 7 |a Kresila, Juraj,  |d 1932-2007  |2 snkbucl  |9 255275 
655 7 |a profily  |2 snkbucl  |9 341977 
655 7 |a články z novín a časopisov  |2 snkbucl  |9 267496 
773 0 |t Nové slovo  |g Roč. 26, č. 30 (1984) 
850 |a Slovenská národná knižnica v Martine  |a MTA001 
852 |a SNK  |b KIS3GCP 
958 |a BX 
958 |a RK 
992 |a RBX 
999 |c 2652002  |d 2653932